History Quiz

Random History or Grab Bag Quiz

American History Mystery Quiz Stats

 Plays Quiz Updated Feb 20, 2019

Support Sporcle.
Go Orange.
Score 0/30 Timer 06:00
1 Play Today
Hint Word % Correct
What you see at the end of a tunnellight
97.7%
This type of bird gets the wormearly
96.9%
The color of Rudolph's nosered
91.6%
First appearance of light in the skydawn
90.8%
What you breatheair
88.7%
What day turns intonight
88.5%
Japan's is white with a red circle in the middleflag
87.9%
Hand gesture to greet or say 'goodbye'wave
87%
Where Dorothy wished to gohome
85.9%
Without pricefree
83.8%
Film about sparkly vampirestwilight
83.2%
Types include smoke, stink, and atomicbombs
82.7%
Pixar film that takes place in ScotlandBrave
79.6%
Types include supergiants and white dwarfsstars
79.3%
A type of Club you DO NOT talk aboutFight
78.3%
Hint Word % Correct
Luminous; reason for sunglassesbright
77.5%
Surname of 'The Hulk' BruceBanner
77.3%
One lantern meant the British were coming by thisland
77.1%
Houston basketballersRockets
74.9%
Pokémon move, or giving a mean lookglare
74.4%
Viewed, as in a moviewatched
74.4%
Breaking suddenly, like a balloonbursting
71.7%
Bill Murray army comedyStripes
69.2%
Watching live via mobile device, eg.streaming
68%
Confidently, like a peacockproudly
67%
Precipitated chunks of icehailed
61.3%
Paltrow/Hopkins film about mathematiciansProof
59.8%
Dangerousperilous
56.3%
Wide rangebroad
56%
Defensive or protective barriersramparts
54.9%

From the Vault

'70s Song Title Match-Up

by babymonkee

Music 4m
It might be fun to create your own titles, but to get the best score, don't make any ch-ch-ch-ch-changes.
Remove Ads.
Support Sporcle.
Get the best of Sporcle when you Go Orange. This ad-free experience offers more features, more stats, and more fun while also helping to support Sporcle. Thank you for becoming a member.

Show Comments

Extras

Top Quizzes Today


Score Distribution

Your Account Isn't Verified!

In order to create a playlist on Sporcle, you need to verify the email address you used during registration. Go to your Sporcle Settings to finish the process.

Report this User

Report this user for behavior that violates our Community Guidelines.

Details: